| 000 | 01160nam0a22003251 4500 | ||
|---|---|---|---|
| 001 | rc\2477329 | ||
| 005 | 20110826153132.4 | ||
| 035 | _a(NLR Aleph) 006521466 | ||
| 090 |
_a6434929 _c6434929 |
||
| 100 | _a20110826d1979 |||y0rusy50 ca | ||
| 101 | 0 | _arus | |
| 102 | _aRU | ||
| 105 | _aa z ||||| | ||
| 200 | 1 |
_aФотометрия _eУчеб. пособие _fВ.В. Азаренок, С.Ф. Хритина, А.А. Эрасмус |
|
| 210 |
_aСаранск _cМГУ _d1979 |
||
| 215 |
_a107 с. _cил. _d21 |
||
| 300 | _aВ надзаг.: Мордов. гос. ун-т им. Н.П. Огарева | ||
| 320 | _aБиблиогр.: с. 105 (19 назв.) | ||
| 606 |
_aФотометрия _2psbo |
||
| 686 |
_aВ341.3я73-1 _2rubbk |
||
| 700 | 1 |
_aАзаренок _bВ. В. _gВалентина Васильевна |
|
| 701 | 1 |
_aЭрасмус _bА. А. _gАндрей Артурович |
|
| 701 | 1 |
_aХритина _bС. Ф. _gСветлана Федоровна |
|
| 801 | 0 |
_aRU _bNLR _gpsbo |
|
| 801 | 1 |
_aRU _bELAR _2rusmarc |
|
| 852 |
_aNLR _j79-3/7534 |
||
| 899 |
_aRuMoRGB _jB 79-33/510 |
||
| 899 |
_aRuMoRGB _jB 79-33/511 |
||
| 942 | _cBOOK | ||
| 980 | _aNB | ||